000 00684nam a2200217Ii 4500
003 JO-AjNU
008 230606s9999||||xx |||||||||||||| ||und||
020 _a978-93-86202-15-4
040 _aJO-AjNU
_beng
_erda
_cJO-AjNU
041 _aeng
050 1 4 _aQA402.5.2020
100 3 _aJena, S.R., S.K. Swain ,
_eauthor
_96460
245 0 0 _aTHEORY OF COMPUTATION AND APPLICATION: Automata, Formal languages, Computational Complexity
250 _a2ed
264 3 1 _aNew Delhi: University Science Press, 2020
300 _a419p
336 _atext
_btxt
_2rdacontent
337 _aunmediated
_bn
_2rdamedia
338 _avolume
_bnc
_2rdacarrier
650 4 _a Theory-Application
_96461
999 _aE3351
_c3347
_d3347